[Event "IRI-ch U16"]
[Site "Chess.com INT"]
[Date "2021.01.16"]
[Round "11"]
[White "Doroodgar, Amir Hosein"]
[Black "Mardani, Alireza"]
[Result "1-0"]
[WhiteElo "1710"]
[BlackElo "1971"]
[PlyCount "183"]
[EventDate "2021.01.16"]
[EventType "swiss"]
[EventRounds "11"]
[EventCountry "IRI"]
[SourceTitle "EXT 2022"]
[Source "ChessBase"]
[SourceDate "2021.10.06"]
[SourceVersion "1"]
[SourceVersionDate "2021.10.06"]
[SourceQuality "1"]

1. d4 d5 2. Nf3 Nf6 3. c4 e6 4. g3 c6 5. Bg2 Bd6 6. 0-0 0-0 7. Qc2 Nbd7 8. Rd1 b6 9. Nbd2 Bb7 10. e4 dxe4 11. Nxe4 Nxe4 12. Qxe4 Nf6 13. Qe2 h6 14. c5 Bc7 15. Rb1 Qe7 16. b4 Rfd8 17. Ne5 Bxe5 18. Qxe5 Nd5 19. Ba3 Nc3 20. Bb2 Nxd1 21. Rxd1 b5 22. Re1 a5 23. bxa5 Rxa5 24. d5 f6 25. Qc3 Rxa2 26. Rxe6 Qf7 27. Qb3 Ra7 28. Qe3 Bc8 29. Rxc6 Bb7 30. d6 Bxc6 31. Bxc6 Rc8 32. Bxb5 Rb7 33. Qd3 Rxc5 34. d7 Rxd7 35. Qxd7 Qxd7 36. Bxd7 Kf7 37. Ba4 Rc8 38. h4 Rb8 39. Bc3 Rc8 40. Bd4 Rd8 41. Bb3+ Ke7 42. Bc5+ Kd7 43. Kg2 Rc8 44. Be3 g5 45. Bd1 Ke7 46. hxg5 hxg5 47. Bg4 Rd8 48. Kf3 Kf7 49. Bf5 Rd5 50. g4 Rd8 51. Ke4 Re8+ 52. Kd3 Rd8+ 53. Bd4 Rd6 54. Kc4 Rd8 55. Kc5 Re8 56. Kd6 Rd8+ 57. Bd7 Rh8 58. Be6+ Kg6 59. Bf5+ Kf7 60. Kd7 Rb8 61. Be6+ Kg6 62. Ke7 Rb7+ 63. Bd7 Rc7 64. Bxf6 Ra7 65. Be5 Ra2 66. Bf5+ Kh6 67. Kf7 Ra7+ 68. Kf6 Ra6+ 69. Be6 Ra3 70. Bd6 Ra8 71. f3 Rd8 72. Be5 Rd3 73. Bf5 Ra3 74. f4 Ra6+ 75. Be6 gxf4 76. Bxf4+ Kh7 77. g5 Kh8 78. Be5 Kh7 79. g6+ Kh6 80. g7 Ra8 81. g8Q Rxg8 82. Bxg8 Kh5 83. Kf5 Kh6 84. Bd4 Kh5 85. Bg7 Kh4 86. Kf4 Kh5 87. Bf7+ Kh4 88. Bf6+ Kh3 89. Kf3 Kh2 90. Kf2 Kh1 91. Be6 Kh2 92. Be5+ 1-0

[Event "IRI-ch U16"]
[Site "Chess.com INT"]
[Date "2021.01.16"]
[Round "9"]
[White "Ebrahimi, Sina"]
[Black "Mardani, Alireza"]
[Result "0-1"]
[WhiteElo "1569"]
[BlackElo "1971"]
[PlyCount "106"]
[EventDate "2021.01.16"]
[EventType "swiss"]
[EventRounds "11"]
[EventCountry "IRI"]
[SourceTitle "EXT 2022"]
[Source "ChessBase"]
[SourceDate "2021.10.06"]
[SourceVersion "1"]
[SourceVersionDate "2021.10.06"]
[SourceQuality "1"]

1. c4 e5 2. Nc3 Nc6 3. Nf3 f5 4. d3 Nf6 5. Bg5 Bb4 6. e4 d6 7. Be2 0-0 8. 0-0 f4 9. Nd5 Bc5 10. Rb1 a5 11. Qd2 Be6 12. a3 a4 13. Bd1 Ne7 14. Nc3 Qd7 15. Qc2 h6 16. Bxf6 Rxf6 17. Nxa4 Bd4 18. Nc3 Bxc3 19. bxc3 b6 20. Ra1 Rg6 21. Nh4 Rf6 22. d4 Bxc4 23. dxe5 dxe5 24. Be2 Bxe2 25. Qxe2 g5 26. Nf3 Nc6 27. Qc4+ Qe6 28. Qxe6+ Rxe6 29. Rfd1 Rd6 30. Rd5 g4 31. Nh4 Rad8 32. Rad1 Rxd5 33. exd5 Ne7 34. c4 Kg7 35. h3 h5 36. hxg4 hxg4 37. g3 f3 38. Re1 Kf6 39. Re4 Rg8 40. Kf1 Nc8 41. Re3 Nd6 42. Rc3 Re8 43. Ke1 Ra8 44. c5 Ne4 45. Rc4 Nxc5 46. Rxg4 e4 47. Rg6+ Ke5 48. Rg5+ Kd4 49. Rg7 Rxa3 50. Rxc7 Kd3 51. Nxf3 exf3 52. Rxc5 Ra1+ 53. Rc1 Rxc1# 0-1

[Event "IRI-ch U16"]
[Site "Chess.com INT"]
[Date "2021.01.16"]
[Round "10"]
[White "Mardani, Alireza"]
[Black "Mokkarian, Arian"]
[Result "1-0"]
[WhiteElo "1971"]
[BlackElo "1592"]
[PlyCount "101"]
[EventDate "2021.01.16"]
[EventType "swiss"]
[EventRounds "11"]
[EventCountry "IRI"]
[SourceTitle "EXT 2022"]
[Source "ChessBase"]
[SourceDate "2021.10.06"]
[SourceVersion "1"]
[SourceVersionDate "2021.10.06"]
[SourceQuality "1"]

1. d4 d5 2. c4 e6 3. Nc3 Nf6 4. cxd5 exd5 5. Bg5 c6 6. e3 Be7 7. Bd3 0-0 8. Qc2 h6 9. Bf4 Bd6 10. Bg3 Re8 11. Nge2 a6 12. 0-0 Bxg3 13. Nxg3 Qd6 14. Rae1 c5 15. dxc5 Qxc5 16. e4 d4 17. Nce2 Qxc2 18. Bxc2 Nc6 19. f3 Be6 20. Rd1 Red8 21. a3 g6 22. Nf4 Bc4 23. Nd3 Rac8 24. Rd2 b5 25. Rfd1 a5 26. h3 b4 27. axb4 Bxd3 28. Bxd3 Nxb4 29. Ne2 Nd7 30. Nxd4 Nc5 31. Bf1 Na4 32. Kf2 Rc7 33. Ke3 Rdc8 34. f4 Kg7 35. g4 h5 36. gxh5 gxh5 37. Nf5+ Kh7 38. Be2 Nc2+ 39. Kf3 Nxb2 40. Rb1 Rc3+ 41. Kf2 Nc4 42. Rd7 Rf8 43. Bxh5 N2a3 44. Rbb7 Rxh3 45. Bxf7 Rh2+ 46. Kg1 Rh3 47. Bh5+ Kh8 48. Rh7+ Kg8 49. Rhg7+ Kh8 50. Rh7+ Kg8 51. Rbg7# 1-0

[Event "IRI-ch U16"]
[Site "Chess.com INT"]
[Date "2021.01.16"]
[Round "8"]
[White "Mardani, Alireza"]
[Black "Navidi, Parsa"]
[Result "0-1"]
[WhiteElo "1971"]
[BlackElo "1810"]
[PlyCount "90"]
[EventDate "2021.01.16"]
[EventType "swiss"]
[EventRounds "11"]
[EventCountry "IRI"]
[SourceTitle "EXT 2022"]
[Source "ChessBase"]
[SourceDate "2021.10.06"]
[SourceVersion "1"]
[SourceVersionDate "2021.10.06"]
[SourceQuality "1"]

1. d4 Nf6 2. Bg5 d5 3. Bxf6 exf6 4. e3 Bd6 5. c4 dxc4 6. Bxc4 0-0 7. Nc3 Nd7 8. Qf3 f5 9. Nge2 Nf6 10. Ng3 g6 11. 0-0 c6 12. Rac1 h5 13. Rfd1 f4 14. exf4 Bg4 15. Qd3 Bxf4 16. f3 Bf5 17. Nxf5 Bxc1 18. Rxc1 gxf5 19. Qe3 Nh7 20. Rd1 Qh4 21. g3 Qg5 22. Qxg5+ Nxg5 23. Kf2 Rad8 24. h4 Ne6 25. d5 cxd5 26. Nxd5 Kg7 27. a4 Nc7 28. a5 Nxd5 29. Bxd5 Rd7 30. Bb3 Rxd1 31. Bxd1 Rd8 32. Be2 a6 33. b4 Rd4 34. Ke3 Rxb4 35. Bd3 Ra4 36. Bxf5 Rxa5 37. Be4 Re5 38. Kf4 Rxe4+ 39. Kxe4 b5 40. g4 hxg4 41. fxg4 b4 42. Kd4 a5 43. g5 Kg6 44. Kc4 Kh5 45. Kb3 Kxh4 0-1